00329nam a2200121Ia 4500008004100000040001600041041001200057082001500069100002600084245004500110260004100155300001100196230917s9999||||xx |||||||||||||| ||und|| e62826aMAIN aEnglish a380.1 J62N aJohnson, Harry G, ed. 0aNew trade strategy for the world economy aLondonbGeorge Allen and Unwinc1969 a344 p.